| 000 | 00485nam a2200157 4500 | ||
|---|---|---|---|
| 001 | 111495 | ||
| 003 | ES-MaACL | ||
| 005 | 20230906185318.0 | ||
| 007 | t| | ||
| 008 | 061121s1925 ag r ||||1| spa d | ||
| 100 | 1 |
_aNamias, Rodolfo. _984888 |
|
| 245 | 1 | 0 |
_aResinotipia _b: nuevo procedimiento fotográfico de impresión artística / _cRodolfo Namias. |
| 260 |
_aBuenos Aires : _b[s.n.], _c1925 ( _fCasalc Monf.) |
||
| 300 |
_a31 p. 6 lám. ; _c24 cm. |
||
| 852 |
_aES-MaACL _j1726-F-8 |
||
| 999 |
_c111495 _d111495 |
||